Financial management in hotel and catering operations / (Record no. 132079)

MARC details
000 -LEADER
fixed length control field 00756nam a22002417a 4500
005 - DATE AND TIME OF LATEST TRANSACTION
control field 20170124110147.0
010 ## - LIBRARY OF CONGRESS CONTROL NUMBER
LC control number A-353358
020 ## - INTERNATIONAL STANDARD BOOK NUMBER
Terms of availability 00.00
International Standard Book Number 043491889
035 ## - SYSTEM CONTROL NUMBER
System control number A-353358
037 ## - SOURCE OF ACQUISITION
Source of stock number/acquisition Cen Lib/Ret
040 ## - CATALOGING SOURCE
Original cataloging agency DPL
Language of cataloging EN
082 ## - DEWEY DECIMAL CLASSIFICATION NUMBER
Classification number 647.94
Item number SUT
100 ## - MAIN ENTRY--PERSONAL NAME
Personal name Sutton, Donald F.
9 (RLIN) 33648
245 ## - TITLE STATEMENT
Title Financial management in hotel and catering operations /
Statement of responsibility, etc by Donald F Sutton
250 ## - EDITION STATEMENT
Edition statement 2nd ed
260 ## - PUBLICATION, DISTRIBUTION, ETC. (IMPRINT)
Place of publication, distribution, etc London
Name of publisher, distributor, etc English Language Book Society
Date of publication, distribution, etc 1988
270 ## - ADDRESS
Address 22 Bedford Square
City London
300 ## - PHYSICAL DESCRIPTION
Extent xvi, 331p. :
Dimensions 21cm(Hb)
500 ## - GENERAL NOTE
General note Includes index
650 ## - SUBJECT ADDED ENTRY--TOPICAL TERM
Topical term or geographic name as entry element Hotels -- Great Britain -- Accounting
9 (RLIN) 33649
650 ## - SUBJECT ADDED ENTRY--TOPICAL TERM
Topical term or geographic name as entry element Caterers and catering -- Accounting
9 (RLIN) 33650
942 ## - ADDED ENTRY ELEMENTS (KOHA)
Source of classification or shelving scheme Dewey Decimal Classification
Koha item type English Books
Classification part 647.94
Call number suffix SUT
Holdings
Withdrawn status Lost status Damaged status Not for loan Home library Current library Date acquired Source of acquisition Cost, normal purchase price Total Checkouts Full call number Barcode Date last seen Copy number Cost, replacement price Price effective from Koha item type
        Central Library Central Library 16/07/2015 Cen Lib/Ret 0.00   647.94 SUT A-353358 16/07/2015 1 0.00 16/07/2015 English Books

© Delhi Public Library
Hit Counter
free hit counter